000 00845nam0a22002411 4500
001 rc\2689097
005 20260407053218.0
035 _a(NLR Aleph) 006817395
090 _a6407259
_c6407259
100 _a20110915d1933 |||y0rusy50 ca
101 0 _arus
102 _aRU
105 _ay z |||||
200 1 _aПамятка общественного инспектора по санитарному надзору
210 _aНовосибирск
_cОгиз
_d1933
_gт-л. № 1 ЗСКПТ
215 _aОбл., 14, [2] с., без тит. л.
_d21х14 см.
710 0 2 _aЗападно-Сибирский краевой отдел здравоохранения
_9544230
_3RU\NLR\AUTH\8810023102
801 0 _aRU
_bNLR
_gpsbo
801 1 _aRU
_bELAR
_2rusmarc
852 _aNLR
_j33-10/3697
942 _cBOOK
980 _aNB